[Event "17th "]
[Site "Senta"]
[Date "2013.07.18"]
[Round "7.3"]
[White "Popov, Stevan"]
[Black "Nestorovic, Irena"]
[Result "1-0"]
[WhiteElo "2183"]
[BlackElo "2039"]
[PlyCount "79"]
[EventDate "2013.07.13"]

1. e4 e5 2. Nf3 Nc6 3. Bb5 a6 4. Ba4 Nf6 5. O-O Be7 6. Re1 b5 7. Bb3 d6 8. h3
O-O 9. c3 Na5 10. Bc2 c5 11. d3 h6 12. Nbd2 Re8 13. Nf1 Bf8 14. Ng3 g6 15. Nh2
Bg7 16. Be3 Nc6 17. a3 Qe7 18. Qe2 Bd7 19. Rad1 Kh7 20. f4 Rac8 21. Qf2 Na5 22.
Nf3 Nb7 23. Rd2 a5 24. d4 cxd4 25. cxd4 exf4 26. Bxf4 Qf8 27. Bd3 Kg8 28. Qf1
g5 29. Be3 g4 30. hxg4 Nxg4 31. Bf4 b4 32. axb4 axb4 33. Bb5 Qe7 34. Nf5 Qd8
35. Bxd7 Qxd7 36. g3 Re6 37. Qh3 Nf6 38. Nxg7 Kxg7 39. Qxh6+ Kg8 40. Rh2 1-0

[Event "17th "]
[Site "Senta"]
[Date "2013.07.18"]
[Round "7.4"]
[White "Zarkovic, Milos"]
[Black "Stosic, Slobodan"]
[Result "0-1"]
[WhiteElo "1719"]
[BlackElo "2155"]
[PlyCount "66"]
[EventDate "2013.07.13"]

1. d4 Nf6 2. c4 g6 3. Nc3 Bg7 4. e4 d6 5. Nf3 O-O 6. Be2 e5 7. O-O Nc6 8. d5
Ne7 9. Ne1 Nd7 10. Be3 f5 11. f3 f4 12. Bf2 g5 13. Nd3 Ng6 14. c5 Nf6 15. Rc1
Rf7 16. cxd6 cxd6 17. Nb5 b6 18. Nb4 h5 19. Nc6 Qf8 20. Nbxa7 Rfxa7 21. Nxa7
Rxa7 22. Qc2 Bd7 23. a3 g4 24. Bxb6 Rb7 25. Bf2 g3 26. hxg3 fxg3 27. Bxg3 Bh6
28. Rb1 h4 29. Be1 Nh5 30. Bd2 Ngf4 31. Kf2 Ng3 32. Bxf4 Qxf4 33. Qc3 Nxe4+ 0-1

[Event "17th "]
[Site "Senta"]
[Date "2013.07.18"]
[Round "7.5"]
[White "Puhalo, Zdravko"]
[Black "Sarnyai, Daniel"]
[Result "1/2-1/2"]
[WhiteElo "2065"]
[BlackElo "1801"]
[PlyCount "143"]
[EventDate "2013.07.13"]

1. d4 Nf6 2. Nc3 g6 3. e4 d6 4. Be3 Bg7 5. f3 O-O 6. Qd2 a6 7. g4 b5 8. h4 h5
9. gxh5 Nxh5 10. Nce2 e5 11. d5 Nd7 12. O-O-O Ndf6 13. Nh3 Bd7 14. Nf2 Re8 15.
Rg1 Qc8 16. Ng3 Nxg3 17. Rxg3 Kh7 18. Bd3 Rh8 19. Rdg1 Kg8 20. Rh1 c6 21. dxc6
Qxc6 22. Kb1 Rd8 23. Bg5 Rc8 24. Bxf6 Bxf6 25. h5 Kf8 26. Rgg1 gxh5 27. f4 Qc5
28. Rf1 Be6 29. f5 Bc4 30. Ng4 hxg4 31. Rxh8+ Bxh8 32. f6 Bxd3 33. cxd3 Bxf6
34. a3 Bg7 35. Qe2 g3 36. Qf3 Rc7 37. Qxg3 Qc2+ 38. Ka1 Qd2 39. Rg1 Rc1+ 40.
Rxc1 Qxc1+ 41. Ka2 Bh6 42. Qh3 Ke7 43. Qh4+ Bg5 44. Qg4 Bf6 45. Qe2 a5 46. Qf2
Qc5 47. Qd2 b4 48. axb4 Qxb4 49. Qc2 Qc5 50. Qb3 Qc6 51. Qa3 Qb5 52. Qc3 Kd7
53. Qc2 Bg5 54. Qe2 f6 55. Qf3 a4 56. Qh3+ Kc6 57. Qc8+ Kb6 58. Qb8+ Kc5 59.
Qa7+ Kb4 60. Qc7 Qxd3 61. Qb6+ Kc4 62. Qc6+ Kd4 63. Qxd6+ Kxe4 64. Qc7 Qb3+ 65.
Ka1 Kf3 66. Qd7 e4 67. Qh3+ Ke2 68. Qg2+ Kd3 69. Qf1+ Kc2 70. Qe2+ Kc1 71. Qe1+
Qd1 72. Qc3+ 1/2-1/2

[Event "17th "]
[Site "Senta"]
[Date "2013.07.18"]
[Round "7.6"]
[White "Milanovic, Maja"]
[Black "Penjov, Damjan"]
[Result "1/2-1/2"]
[WhiteElo "1969"]
[BlackElo "2019"]
[PlyCount "55"]
[EventDate "2013.07.13"]

1. e4 e5 2. Nf3 Nf6 3. Nxe5 d6 4. Nf3 Nxe4 5. d4 d5 6. Bd3 Be7 7. O-O Nc6 8.
Re1 Bg4 9. c3 f5 10. Qb3 O-O 11. Nbd2 Nxd2 12. Nxd2 Rb8 13. Qc2 Bd6 14. Nf1 Qf6
15. f4 Ne7 16. Qf2 Bh5 17. g3 Rbe8 18. Be3 c6 19. Nd2 h6 20. Be2 Bxe2 21. Rxe2
Nc8 22. Nf3 Nb6 23. Ne5 Re7 24. Rae1 Rfe8 25. Bc1 Rd8 26. Nd3 Rde8 27. Ne5 Rd8
28. Nd3 1/2-1/2

[Event "17th "]
[Site "Senta"]
[Date "2013.07.18"]
[Round "7.7"]
[White "Dinic, Nenad"]
[Black "Nesovanovic, Miroslav"]
[Result "1-0"]
[WhiteElo "2011"]
[BlackElo "1877"]
[PlyCount "85"]
[EventDate "2013.07.13"]

1. e4 c5 2. Nf3 Nc6 3. Bb5 Nd4 4. Nxd4 cxd4 5. O-O a6 6. Bc4 e6 7. Re1 Ne7 8.
a4 Nc6 9. d3 d6 10. f4 Qc7 11. Nd2 f6 12. Nf3 e5 13. f5 Na5 14. Bd5 Bd7 15. b4
Nc6 16. Bd2 Ne7 17. Bb3 g6 18. g4 Bg7 19. Qe2 h6 20. Rec1 Qb6 21. Rab1 Rc8 22.
Kg2 d5 23. b5 a5 24. Qe1 Ra8 25. c4 dxe4 26. dxe4 Qc7 27. c5 b6 28. c6 Bc8 29.
Qe2 Rf8 30. Be1 Ra7 31. Bg3 Qd8 32. Rd1 Ng8 33. Rbc1 Qe7 34. Qa2 Rf7 35. Nxd4
gxf5 36. gxf5 exd4 37. Rxd4 Bf8 38. c7 Rxc7 39. Rxc7 Qxc7 40. Bxc7 Rxc7 41.
Bxg8 Rg7+ 42. Kf3 Bc5 43. Rd3 1-0

[Event "17th "]
[Site "Senta"]
[Date "2013.07.18"]
[Round "7.8"]
[White "Pajzer, Istvan"]
[Black "Knezevic, Velimir"]
[Result "1-0"]
[WhiteElo "2132"]
[BlackElo "1940"]
[PlyCount "73"]
[EventDate "2013.07.13"]

1. e4 c5 2. Nf3 e6 3. d4 d5 4. Bb5+ Nc6 5. exd5 exd5 6. O-O a6 7. Re1+ Be6 8.
Bxc6+ bxc6 9. Ng5 Kd7 10. c4 Nf6 11. Nc3 h6 12. Nxe6 fxe6 13. cxd5 exd5 14. Be3
c4 15. b3 Bb4 16. Bd2 cxb3 17. axb3 Bd6 18. Qf3 Kc8 19. Rec1 Kb7 20. Bf4 Rf8
21. Bxd6 Qxd6 22. Na4 Ne4 23. Qg4 g5 24. Rc2 Rf4 25. Qd1 Raf8 26. Nc5+ Nxc5 27.
dxc5 Qf6 28. Qf1 Ra8 29. Rca2 Qd4 30. g3 Rf3 31. Qe2 Qe4 32. Qb2 d4 33. Ra4 Rd3
34. Qa3 Qe2 35. Qb4+ Kc8 36. Qb6 Qf3 37. Rb4 1-0

[Event "17th "]
[Site "Senta"]
[Date "2013.07.18"]
[Round "7.9"]
[White "Milosevic, Jovana"]
[Black "Sedlak, Ivan"]
[Result "0-1"]
[WhiteElo "1902"]
[BlackElo "2124"]
[PlyCount "54"]
[EventDate "2013.07.13"]

1. Nf3 Nf6 2. c4 e6 3. Nc3 b6 4. d4 Bb7 5. e3 Be7 6. Be2 O-O 7. O-O d6 8. Qc2
c5 9. Rd1 cxd4 10. Nxd4 Nc6 11. Nxc6 Bxc6 12. e4 Qc7 13. Be3 Rac8 14. f3 Qb7
15. Qd2 Rfd8 16. Qe1 Be8 17. Qf1 Qb8 18. Rd2 a6 19. Rc1 b5 20. b3 bxc4 21. Bxc4
Bb5 22. Be2 d5 23. exd5 Bb4 24. Rdc2 Rxc3 25. Rxc3 Bxc3 26. Bxb5 Nxd5 27. Bc6
Nxe3 0-1

[Event "17th "]
[Site "Senta"]
[Date "2013.07.18"]
[Round "7.10"]
[White "Kuzmanovic, Ratko"]
[Black "Dikic, Veljko"]
[Result "0-1"]
[WhiteElo "1959"]
[BlackElo "1925"]
[PlyCount "120"]
[EventDate "2013.07.13"]

1. e4 d6 2. d4 Nf6 3. Bd3 e5 4. c3 Nc6 5. Nf3 Bg4 6. Be3 d5 7. exd5 Nxd5 8. O-O
exd4 9. Bxd4 Nxd4 10. Qa4+ Qd7 11. Qxd7+ Bxd7 12. Nxd4 O-O-O 13. Bc4 Bg4 14.
Nd2 c5 15. N4b3 Be6 16. Ne4 Nc7 17. Be2 b6 18. Ng5 Kb8 19. Rad1 Be7 20. Nxe6
Nxe6 21. Nd2 Nf4 22. Bc4 Nd3 23. Bxf7 Rhf8 24. Bb3 Nxb2 25. Rde1 Bh4 26. Nf3
Bf6 27. c4 Nd3 28. Rb1 Rfe8 29. h3 Re2 30. Rbd1 Nb4 31. a3 Nc6 32. Rxd8+ Nxd8
33. Rd1 Kc7 34. Rd2 Rxd2 35. Nxd2 Nc6 36. g4 Bb2 37. a4 Kd6 38. Bc2 h6 39. f4
Bc1 40. Ne4+ Ke6 41. f5+ Ke5 42. Kf2 Na5 43. h4 Nxc4 44. g5 hxg5 45. hxg5 Nd6
46. Nxd6 Kxd6 47. g6 Bb2 48. Ke3 c4 49. Kd2 Kc5 50. Be4 Be5 51. Bb7 Kb4 52. Bd5
c3+ 53. Kc2 Kxa4 54. Bc4 Kb4 55. Ba6 Ka3 56. Bb5 a5 57. Bd7 a4 58. Be8 Kb4 59.
Bd7 b5 60. Be8 Ka5 0-1

[Event "17th "]
[Site "Senta"]
[Date "2013.07.18"]
[Round "7.11"]
[White "Janjic, Stefan"]
[Black "Ruzicic, Sinisa"]
[Result "0-1"]
[WhiteElo "1892"]
[BlackElo "1978"]
[PlyCount "68"]
[EventDate "2013.07.13"]

1. d4 d5 2. c4 e5 3. dxe5 d4 4. Nf3 Nc6 5. g3 Be6 6. Nbd2 Bb4 7. Qc2 Qd7 8. a3
Bf5 9. Qa4 Bxd2+ 10. Bxd2 Be4 11. O-O-O Nxe5 12. Qxd7+ Nxd7 13. Bf4 c5 14. Rg1
Ne7 15. Ng5 Bc6 16. e3 h6 17. Nh3 g5 18. Bc7 Rc8 19. Ba5 Bf3 20. Re1 O-O 21.
Bd2 Nc6 22. Be2 Nde5 23. Bf1 Rfe8 24. b3 a6 25. Kb2 d3 26. Bg2 b5 27. Rc1 Bxg2
28. Rxg2 Nf3 29. cxb5 axb5 30. Bc3 b4 31. axb4 cxb4 32. Bd4 Ncxd4 33. exd4 Rxc1
34. Kxc1 Re1+ 0-1

[Event "17th "]
[Site "Senta"]
[Date "2013.07.18"]
[Round "7.12"]
[White "Csomos, Janos"]
[Black "Bernath, Robert"]
[Result "0-1"]
[WhiteElo "1875"]
[BlackElo "2135"]
[PlyCount "70"]
[EventDate "2013.07.13"]

1. d4 Nf6 2. c4 g6 3. Nc3 d5 4. cxd5 Nxd5 5. e4 Nxc3 6. bxc3 Bg7 7. Be3 c5 8.
Rc1 Qa5 9. Qd2 cxd4 10. cxd4 Qxd2+ 11. Bxd2 O-O 12. d5 e6 13. Bc4 exd5 14. Bxd5
Nc6 15. Nf3 Bg4 16. Bxc6 bxc6 17. Rxc6 Rac8 18. Rxc8 Rxc8 19. Kd1 Rc4 20. Re1
Ra4 21. Re3 Rxa2 22. Rb3 h5 23. h3 Bxf3+ 24. Rxf3 Bd4 25. Ke2 Bc5 26. Rd3 Bb4
27. Ke3 Bxd2+ 28. Rxd2 Rxd2 29. Kxd2 h4 30. Kc3 Kg7 31. Kb4 Kf6 32. Ka5 Ke5 33.
Ka6 Kxe4 34. Kxa7 f5 35. Kb6 f4 0-1

[Event "17th "]
[Site "Senta"]
[Date "2013.07.18"]
[Round "7.13"]
[White "Toth, Kazmer"]
[Black "Lorincz, Renata"]
[Result "1/2-1/2"]
[WhiteElo "1995"]
[BlackElo "1847"]
[PlyCount "43"]
[EventDate "2013.07.13"]

1. d4 d5 2. c4 e6 3. Nc3 Nf6 4. Nf3 Be7 5. cxd5 exd5 6. g3 O-O 7. Bg2 c6 8. O-O
Bf5 9. Ne5 Nbd7 10. Bf4 h6 11. h4 Ne4 12. Qb3 Nxe5 13. Nxe4 Ng6 14. Nd2 Nxf4
15. gxf4 Qb6 16. e3 Qxb3 17. Nxb3 Bxh4 18. Nd2 Rfe8 19. Nf3 Bf6 20. Ne5 g5 21.
Kh2 Bxe5 22. fxe5 1/2-1/2

[Event "17th "]
[Site "Senta"]
[Date "2013.07.18"]
[Round "7.15"]
[White "Sakic, Simeon"]
[Black "Tomin, Kristifor"]
[Result "1-0"]
[WhiteElo "1879"]
[BlackElo "1960"]
[PlyCount "73"]
[EventDate "2013.07.13"]

1. e4 c5 2. Nf3 Nc6 3. d4 cxd4 4. Nxd4 a6 5. c4 e6 6. a3 Nf6 7. Nc3 Qa5 8. Nb3
Qc7 9. Be3 b6 10. Be2 Rb8 11. O-O Ne5 12. Nd2 Ng6 13. f4 Bc5 14. Bxc5 Qxc5+ 15.
Kh1 d6 16. Nb3 Qc7 17. Qd2 O-O 18. Rad1 Rd8 19. e5 Ne8 20. Ne4 d5 21. cxd5 Rxd5
22. Qe3 Bb7 23. Rc1 Qd8 24. Bc4 Rd7 25. Ng5 Nc7 26. Kg1 b5 27. Be2 h6 28. Nxf7
Kxf7 29. Bh5 Qh4 30. g4 Kg8 31. Bxg6 Qxg4+ 32. Qg3 Qe2 33. Rc2 Rd2 34. Rxd2 Qc4
35. Rc1 Qa4 36. Rxc7 Bd5 37. Bh7+ 1-0

[Event "17th "]
[Site "Senta"]
[Date "2013.07.18"]
[Round "7.16"]
[White "Milivojevic, Jasmina"]
[Black "Soklovacki, Mila"]
[Result "1-0"]
[WhiteElo "1919"]
[BlackElo "1585"]
[PlyCount "143"]
[EventDate "2013.07.13"]

1. e4 c5 2. Nc3 Nc6 3. f4 e6 4. Nf3 d5 5. Bb5 Nge7 6. exd5 exd5 7. Qe2 Qd6 8.
Ne5 Bd7 9. O-O Nxe5 10. fxe5 Qe6 11. Bxd7+ Kxd7 12. Qb5+ Qc6 13. Rxf7 Qxb5 14.
Nxb5 Kc6 15. Nd6 b6 16. d3 Ng6 17. Bf4 Nxf4 18. Rxf4 Bxd6 19. exd6 Kxd6 20. Rf7
g6 21. Raf1 Rae8 22. g3 Re7 23. R1f6+ Kd7 24. Kf2 Rhe8 25. Kf3 Rxf7 26. Rxf7+
Re7 27. Rf8 Kd6 28. Rd8+ Ke6 29. Ra8 Kf6 30. Rf8+ Ke6 31. Kf4 Kd6 32. Rf6+ Kd7
33. Kf3 Kc7 34. h4 Kd7 35. g4 Kc7 36. h5 gxh5 37. gxh5 Kd7 38. h6 Ke8 39. Rf5
Rf7 40. Kf4 Rxf5+ 41. Kxf5 Kf7 42. c4 dxc4 43. dxc4 Ke7 44. Ke5 Kf7 45. Kf5 Ke7
46. a4 a5 47. Ke5 Kf7 48. Kd6 Kg6 49. Kc6 Kxh6 50. Kxb6 Kg6 51. Kxc5 h5 52. Kd5
h4 53. Ke4 Kf6 54. Kf4 h3 55. Kg3 Ke5 56. Kxh3 Kd4 57. b3 Kc5 58. Kg4 Kb4 59.
Kf3 Kxb3 60. c5 Kxa4 61. c6 Kb3 62. c7 a4 63. c8=Q a3 64. Qe6+ Kb2 65. Qe5+ Kb1
66. Qe4+ Kb2 67. Qb4+ Ka2 68. Ke2 Ka1 69. Qxa3+ Kb1 70. Qc3 Ka2 71. Kd2 Kb1 72.
Qb4+ 1-0

[Event "17th "]
[Site "Senta"]
[Date "2013.07.18"]
[Round "7.17"]
[White "Mrzic, Branko"]
[Black "Cvetanovic, Damjan"]
[Result "0-1"]
[WhiteElo "1875"]
[BlackElo "1915"]
[PlyCount "88"]
[EventDate "2013.07.13"]

1. d4 Nf6 2. f4 c5 3. e3 e6 4. Nf3 d5 5. g3 g6 6. Bg2 Bg7 7. O-O O-O 8. c3 Nc6
9. Ne5 Nd7 10. Nd2 Qe7 11. Ndf3 Rb8 12. Qa4 Ncxe5 13. fxe5 a6 14. Qc2 b5 15. e4
Bb7 16. exd5 Bxd5 17. Bf4 b4 18. Qd2 bxc3 19. bxc3 cxd4 20. cxd4 Qa3 21. Bh6
Rb2 22. Qf4 Rxa2 23. Rxa2 Qxa2 24. Qd2 Bxh6 25. Qxh6 Rb8 26. Qh3 Rb1 27. Ng5
Rxf1+ 28. Bxf1 h5 29. Qh4 Qd2 30. Qf4 Qxf4 31. gxf4 Bb7 32. Bg2 Bxg2 33. Kxg2
a5 34. Ne4 a4 35. Nc3 a3 36. Kf3 Nb6 37. Na2 Nd5 38. Ke4 Kf8 39. h4 Ne7 40. Nb4
Nf5 41. Na2 Nxh4 42. d5 exd5+ 43. Kxd5 Ke7 44. Nb4 Nf5 0-1

[Event "17th "]
[Site "Senta"]
[Date "2013.07.18"]
[Round "7.18"]
[White "Farkas, Sandor I"]
[Black "Bicskei, Mihaly"]
[Result "1/2-1/2"]
[WhiteElo "1862"]
[BlackElo "1894"]
[PlyCount "47"]
[EventDate "2013.07.13"]

1. e4 g6 2. d4 Bg7 3. f4 d6 4. c3 Nf6 5. Bd3 O-O 6. Nf3 Bg4 7. O-O e5 8. h3
Bxf3 9. Qxf3 Nbd7 10. Be3 c6 11. Nd2 Qc7 12. Kh1 a6 13. Rf2 b5 14. f5 c5 15. g4
Ne8 16. d5 f6 17. c4 bxc4 18. Bxc4 g5 19. h4 h6 20. hxg5 hxg5 21. Rh2 Kf7 22.
Kg2 Rg8 23. Rah1 Nf8 24. b3 1/2-1/2

[Event "17th "]
[Site "Senta"]
[Date "2013.07.18"]
[Round "7.19"]
[White "Soklovacki, Marija"]
[Black "Miljkovic, Vukasin"]
[Result "1-0"]
[WhiteElo "1886"]
[BlackElo "1654"]
[PlyCount "83"]
[EventDate "2013.07.13"]

1. d4 Nf6 2. c4 e6 3. Nc3 Bb4 4. a3 Be7 5. Nf3 b6 6. e4 d6 7. Bd3 Bb7 8. O-O
Nbd7 9. Re1 O-O 10. Qc2 e5 11. dxe5 Nxe5 12. Nxe5 dxe5 13. Nd5 c6 14. Nxe7+
Qxe7 15. b4 Nd7 16. Be3 Rfd8 17. c5 b5 18. Rad1 Nf8 19. f4 f6 20. f5 Rd7 21.
Qe2 Rad8 22. Bc2 Kh8 23. g4 Rxd1 24. Rxd1 g5 25. Bb3 h6 26. Rd3 Rxd3 27. Qxd3
Qd7 28. Qd6 Qxd6 29. cxd6 a6 30. Be6 Kg7 31. Bc5 Ba8 32. d7 Nxd7 33. Bxd7 Bb7
34. Kf2 Kf7 35. Ke3 Kg7 36. Be8 Kg8 37. Be7 Kg7 38. Bd7 Kf7 39. Bd8 Kg7 40. Be6
c5 41. bxc5 Bc6 42. Bd5 1-0

[Event "17th "]
[Site "Senta"]
[Date "2013.07.18"]
[Round "7.29"]
[White "Sakac, Elemer"]
[Black "Uveric, Nebojsa"]
[Result "1-0"]
[WhiteElo "1877"]
[BlackElo "1479"]
[PlyCount "55"]
[EventDate "2013.07.13"]

1. d4 d5 2. c4 e6 3. Nc3 Nf6 4. Nf3 Nc6 5. Bf4 a6 6. h3 Be7 7. cxd5 Nxd5 8. Bh2
O-O 9. e4 Nb6 10. Be2 f5 11. O-O f4 12. Qd2 g5 13. Rfd1 Bf6 14. e5 Bg7 15. Bd3
Qe8 16. Nxg5 h6 17. Nh7 Rf5 18. Bxf5 exf5 19. Nf6+ Bxf6 20. exf6 Qf7 21. Bxf4
Qxf6 22. b3 Kh7 23. Bxc7 Nd7 24. Qe3 Nf8 25. d5 Ne7 26. Be5 Qg6 27. Bd4 Ng8 28.
Qe5 1-0

[Event "17th "]
[Site "Senta"]
[Date "2013.07.19"]
[Round "8.2"]
[White "Stosic, Slobodan"]
[Black "Scepanovic, Labud"]
[Result "1-0"]
[WhiteElo "2155"]
[BlackElo "2187"]
[PlyCount "95"]
[EventDate "2013.07.13"]

1. d4 g6 2. c4 Bg7 3. Nc3 c5 4. d5 d6 5. e4 Nf6 6. Be2 Qb6 7. f4 O-O 8. Nf3 Na6
9. O-O Bd7 10. h3 Rad8 11. a3 e6 12. Bd3 exd5 13. exd5 Rde8 14. Qc2 Nb4 15.
axb4 cxb4+ 16. Kh2 bxc3 17. bxc3 a6 18. Rb1 Qc7 19. Nd4 b5 20. cxb5 Nxd5 21.
bxa6 Qxc3 22. Nb5 Qa5 23. Nxd6 Ba4 24. Qc4 Ne3 25. Bxe3 Rxe3 26. Rb7 Bc6 27.
Rxf7 Qd5 28. Qxd5 Bxd5 29. Rxf8+ Kxf8 30. Bb5 Ke7 31. Nc8+ Kd8 32. Rd1 Kxc8 33.
Rxd5 Bf8 34. Ba4 Rc3 35. a7 Kb7 36. Rd7+ Ka8 37. Bd1 Bh6 38. Bf3+ Rxf3 39. gxf3
Bxf4+ 40. Kg2 h5 41. h4 g5 42. Kh3 g4+ 43. fxg4 hxg4+ 44. Kxg4 Bc1 45. Kf5 Bh6
46. Kg6 Bf4 47. h5 Be3 48. Rd6 1-0

[Event "17th "]
[Site "Senta"]
[Date "2013.07.19"]
[Round "8.3"]
[White "Sedlak, Ivan"]
[Black "Dinic, Nenad"]
[Result "1-0"]
[WhiteElo "2124"]
[BlackElo "2011"]
[PlyCount "93"]
[EventDate "2013.07.13"]

1. e4 c5 2. Nf3 Nf6 3. Nc3 Nc6 4. Bb5 a6 5. Bxc6 bxc6 6. e5 Nd5 7. Ne4 d6 8. c4
Nf4 9. O-O Bg4 10. d4 dxe5 11. Nxc5 e6 12. h3 Bh5 13. Nb3 Qc7 14. dxe5 Rd8 15.
Nbd4 Bc5 16. Bxf4 Rxd4 17. Qc1 Bxf3 18. gxf3 Rd3 19. Kg2 O-O 20. Qc2 Rd7 21.
Rad1 Bd4 22. Bg3 c5 23. Rfe1 Qb7 24. b3 f5 25. exf6 Rxf6 26. Qe4 Qc8 27. h4
Rdf7 28. Rd3 Rg6 29. b4 e5 30. bxc5 Qxc5 31. Qa8+ Rf8 32. Qd5+ Qxd5 33. cxd5
Rd8 34. f4 exf4 35. Rxd4 fxg3 36. fxg3 Rgd6 37. Re5 g6 38. Kf3 R8d7 39. Ke4 Kf7
40. g4 Rb7 41. Rc4 Rdd7 42. Rc6 Rb4+ 43. Kf3 a5 44. d6 Rd4 45. Rxa5 h5 46. gxh5
Rxh4 47. Rc7 1-0

[Event "17th "]
[Site "Senta"]
[Date "2013.07.19"]
[Round "8.4"]
[White "Petrovic, Milan M"]
[Black "Pajzer, Istvan"]
[Result "0-1"]
[WhiteElo "1926"]
[BlackElo "2132"]
[PlyCount "94"]
[EventDate "2013.07.13"]

1. e4 c5 2. Nc3 Nc6 3. f4 g6 4. Nf3 Bg7 5. Bc4 e6 6. O-O Nge7 7. d3 d5 8. Bb3
O-O 9. Qe1 a6 10. a4 Rb8 11. Qh4 b5 12. axb5 axb5 13. f5 exf5 14. exd5 Nd4 15.
Bg5 Nxf3+ 16. Rxf3 f6 17. d6+ c4 18. dxe7 Qxe7 19. dxc4 fxg5 20. cxb5+ Kh8 21.
Qf2 g4 22. Rd3 f4 23. Ra7 Qf6 24. Nd5 Qxb2 25. c4 Qe5 26. Re7 Qg5 27. Qa7 Qh4
28. g3 fxg3 29. Rxg3 Qg5 30. Qe3 Qf5 31. Kh1 Bb7 32. h3 gxh3 33. Kh2 Bxd5 34.
cxd5 Qf1 35. Rg1 Qxb5 36. Rg3 Qb4 37. Rxg7 Kxg7 38. Qe5+ Rf6 39. Kxh3 Qd6 40.
Qd4 Rb4 41. Qc3 Rbf4 42. Re3 Kh6 43. Qd2 g5 44. Rg3 Qd7+ 45. Kg2 Qf5 46. Rh3+
Kg7 47. Rxh7+ Qxh7 0-1

[Event "17th "]
[Site "Senta"]
[Date "2013.07.19"]
[Round "8.5"]
[White "Davidovic, Zoran"]
[Black "Puhalo, Zdravko"]
[Result "0-1"]
[WhiteElo "1904"]
[BlackElo "2065"]
[PlyCount "110"]
[EventDate "2013.07.13"]

1. d4 Nf6 2. Bf4 d6 3. e3 Bf5 4. h3 h6 5. Nf3 Nbd7 6. Nbd2 c6 7. c3 e6 8. Be2
a5 9. a4 Be7 10. O-O O-O 11. Re1 b6 12. Bf1 d5 13. Rc1 c5 14. Ne5 Nxe5 15. dxe5
Nd7 16. e4 dxe4 17. Nxe4 Qc7 18. Nd6 Bh7 19. Qg4 Bg6 20. Rcd1 Rad8 21. Nc4 Nb8
22. h4 h5 23. Qg3 Rxd1 24. Rxd1 Rd8 25. Rxd8+ Qxd8 26. Be2 Bxh4 27. Qf3 Qc7 28.
Bd3 Bxd3 29. Qxd3 Qd8 30. Qf3 g6 31. g3 Be7 32. Qb7 Nd7 33. Qc6 g5 34. Be3 h4
35. gxh4 gxh4 36. Kh2 Nf8 37. Nd6 Ng6 38. f4 Kg7 39. Kh3 Qg8 40. Qf3 Qd8 41.
Qc6 Nf8 42. f5 Bxd6 43. f6+ Kg8 44. Qxd6 Qa8 45. Qd1 Qe4 46. Qg1+ Ng6 47. Qg5
Qh1+ 48. Kg4 Qg2+ 49. Kh5 Qxg5+ 50. Kxg5 h3 51. Bg1 Nxe5 52. Kf4 Nd3+ 53. Kg3
Nxb2 54. Be3 Nxa4 55. Bd2 Nb2 0-1

[Event "17th "]
[Site "Senta"]
[Date "2013.07.19"]
[Round "8.6"]
[White "Penjov, Damjan"]
[Black "Sarnyai, Daniel"]
[Result "1-0"]
[WhiteElo "2019"]
[BlackElo "1801"]
[PlyCount "65"]
[EventDate "2013.07.13"]

1. e4 c5 2. Nf3 e6 3. d4 cxd4 4. Nxd4 a6 5. Nc3 Qc7 6. Be2 Nf6 7. O-O Be7 8. a4
d6 9. Kh1 Nbd7 10. f4 b6 11. Bf3 Bb7 12. g4 O-O 13. g5 Ne8 14. Bg2 Nc5 15. f5
exf5 16. Nxf5 f6 17. g6 hxg6 18. Nh4 Kf7 19. Qg4 Rh8 20. Qxg6+ Kg8 21. Nf5 Kf8
22. Bf4 Ne6 23. Bg3 Ng5 24. Nd5 Bxd5 25. exd5 Nf7 26. Rae1 Bd8 27. Rxe8+ Kxe8
28. Nxg7+ Kf8 29. Ne6+ Ke8 30. Nxc7+ Bxc7 31. Qxf6 Rf8 32. Bh4 Bd8 33. Qe6+ 1-0

[Event "17th "]
[Site "Senta"]
[Date "2013.07.19"]
[Round "8.7"]
[White "Dikic, Veljko"]
[Black "Milanovic, Maja"]
[Result "1-0"]
[WhiteElo "1925"]
[BlackElo "1969"]
[PlyCount "85"]
[EventDate "2013.07.13"]

1. Nc3 c5 2. e4 Nc6 3. g3 g6 4. Bg2 Bg7 5. d3 e6 6. Be3 d6 7. Qd2 Nge7 8. Bh6
O-O 9. h4 f6 10. Bxg7 Kxg7 11. h5 g5 12. h6+ Kh8 13. Nge2 Nd4 14. Nd1 Rb8 15.
c3 Nxe2 16. Qxe2 e5 17. Ne3 b5 18. Qd2 Be6 19. d4 c4 20. Rd1 Qc8 21. Nc2 Rg8
22. f3 Qf8 23. Qf2 Rb7 24. dxe5 dxe5 25. Rd6 Qc8 26. f4 Rf8 27. Rf1 Rb6 28.
Rxb6 axb6 29. fxe5 Qd8 30. Qd4 Nc6 31. Qxd8 Nxd8 32. Nd4 Bd7 33. Rxf6 Re8 34.
Rxb6 Rxe5 35. Rd6 Re7 36. Nf5 Nb7 37. Nxe7 Nxd6 38. Kd2 Nf7 39. Ke3 Nxh6 40.
Kd4 Kg7 41. Nd5 Kf7 42. Kc5 g4 43. Nc7 1-0

[Event "17th "]
[Site "Senta"]
[Date "2013.07.19"]
[Round "8.8"]
[White "Bernath, Robert"]
[Black "Soklovacki, Marija"]
[Result "1-0"]
[WhiteElo "2135"]
[BlackElo "1886"]
[PlyCount "55"]
[EventDate "2013.07.13"]

1. e4 d6 2. d4 Nf6 3. Nc3 g6 4. f4 c6 5. Nf3 Bg7 6. Bd3 Bg4 7. h3 Bxf3 8. Qxf3
Qb6 9. Ne2 Nbd7 10. O-O O-O-O 11. Be3 d5 12. e5 Ne8 13. c4 e6 14. c5 Qc7 15. b4
Nb8 16. a4 Qe7 17. b5 Rd7 18. Nc3 Nc7 19. Rfb1 f6 20. Qe2 fxe5 21. fxe5 Bxe5
22. dxe5 d4 23. Ne4 dxe3 24. Nd6+ Kd8 25. Nxb7+ Kc8 26. Nd6+ Kd8 27. b6 axb6
28. Rxb6 1-0

[Event "17th "]
[Site "Senta"]
[Date "2013.07.19"]
[Round "8.11"]
[White "Ruzicic, Sinisa"]
[Black "Sakic, Simeon"]
[Result "1-0"]
[WhiteElo "1978"]
[BlackElo "1879"]
[PlyCount "93"]
[EventDate "2013.07.13"]

1. Nf3 Nf6 2. g3 d5 3. Bg2 Bg4 4. Ne5 Bf5 5. c4 Bxb1 6. Rxb1 c6 7. O-O e6 8. d4
Be7 9. c5 O-O 10. b4 a6 11. a4 Nbd7 12. Nd3 Re8 13. Bb2 Qc7 14. f3 Bf8 15. e4
g6 16. e5 Nh5 17. g4 Ng7 18. Bc1 Be7 19. Bh6 Qd8 20. Qd2 f5 21. b5 axb5 22.
axb5 Qc7 23. b6 Qc8 24. Ra1 Nf8 25. Ra7 Qd7 26. Rfa1 Rab8 27. Nb4 Red8 28. Bf1
Qe8 29. Bd3 Nd7 30. Kg2 Qf8 31. Be3 Qe8 32. Ba6 Nxb6 33. cxb6 Bxb4 34. Qxb4
bxa6 35. Re7 Qf8 36. Bh6 c5 37. Qxc5 Rdc8 38. Rxg7+ Qxg7 39. Bxg7 Rxc5 40. dxc5
Kxg7 41. Rxa6 Kf7 42. Ra7+ Kg8 43. Rc7 d4 44. b7 Rf8 45. Rc8 d3 46. Rxf8+ Kxf8
47. b8=Q+ 1-0

[Event "17th "]
[Site "Senta"]
[Date "2013.07.19"]
[Round "8.14"]
[White "Posa, Janos"]
[Black "Toth, Kazmer"]
[Result "1-0"]
[WhiteElo "1885"]
[BlackElo "1995"]
[PlyCount "123"]
[EventDate "2013.07.13"]

1. d4 d6 2. c4 Nf6 3. Nc3 g6 4. e4 c6 5. Nf3 Bg7 6. Be2 O-O 7. O-O Qc7 8. Re1
e5 9. d5 Bd7 10. h3 a5 11. Be3 c5 12. Nd2 Na6 13. a3 b6 14. Rb1 Ne8 15. Nb5 Qd8
16. f3 Nac7 17. Nxc7 Qxc7 18. b4 f5 19. Qb3 axb4 20. axb4 f4 21. Bf2 g5 22.
bxc5 bxc5 23. Qb7 Ra2 24. Nf1 h5 25. Rb6 Qxb7 26. Rxb7 Bc8 27. Rb6 Bf6 28. Bd3
Be7 29. Reb1 Ra4 30. Nd2 Nc7 31. Bxc5 Nxd5 32. cxd5 dxc5 33. Bc4 Bd8 34. Rc6
Ba5 35. Bb5 Rd4 36. Nc4 Bd2 37. Rg6+ Kh7 38. Rxg5 Kh6 39. Rxe5 h4 40. d6 Rd8
41. Rd5 Bc3 42. Rxd4 Bxd4+ 43. Kf1 Be6 44. d7 Bxc4+ 45. Bxc4 Rxd7 46. Rb6+ Kg7
47. Bd5 Rd8 48. Rb7+ Kg6 49. Ke2 Rd6 50. Rc7 Rd8 51. Kd3 Rb8 52. Be6 Kf6 53.
Rc6 Be3 54. Bf5+ Kf7 55. Kc4 Rd8 56. e5 Rb8 57. Rc7+ Kf8 58. Kd5 Rd8+ 59. Ke6
Bd4 60. Kf6 Rd6+ 61. Be6 Rd8 62. Rh7 1-0

[Event "17th "]
[Site "Senta"]
[Date "2013.07.19"]
[Round "8.15"]
[White "Farkas, Sandor I"]
[Black "Kuzmanovic, Ratko"]
[Result "1-0"]
[WhiteElo "1862"]
[BlackElo "1959"]
[PlyCount "107"]
[EventDate "2013.07.13"]

1. e4 d6 2. d4 Nf6 3. Bd3 Nc6 4. Nf3 g6 5. O-O Bg7 6. Bg5 Nb4 7. Bb5+ c6 8. Bd3
Nxd3 9. Qxd3 O-O 10. c4 h6 11. Bd2 c5 12. Nc3 Bg4 13. d5 Qb6 14. Rab1 Rfe8 15.
h3 Bd7 16. e5 Bf5 17. Qe2 Bxb1 18. Rxb1 dxe5 19. Nxe5 e6 20. Qf3 exd5 21. Nxd5
Nxd5 22. Qxf7+ Kh7 23. Nd7 Qe6 24. Nf8+ Rxf8 25. Qxe6 Nf4 26. Bxf4 Rxf4 27. Rd1
Raf8 28. Rd2 Bd4 29. Qd7+ R8f7 30. Qd5 b6 31. Kh1 Bxf2 32. Kh2 h5 33. g4 hxg4
34. hxg4 Bd4 35. Kg3 Rf1 36. Re2 Kg7 37. b4 Rd1 38. Qc6 cxb4 39. Re6 Rg1+ 40.
Kh3 Bf6 41. Re8 Rc1 42. Qc8 Rc3+ 43. Kg2 Bd4 44. Re2 b5 45. g5 bxc4 46. Qg4 Rd3
47. Qh4 Kf8 48. Qh6+ Bg7 49. Qxg6 Rd5 50. Kh3 b3 51. Qe6 Rd3+ 52. Kg4 Kg8 53.
g6 Rd4+ 54. Kh5 1-0